[Event "Skakligaen 2025-26"]
[Site "Denmark"]
[Date "2025.11.01"]
[Round "1.1"]
[White "Liu, Casper Yukun"]
[Black "Ramsdal, Jens Albert"]
[Result "1-0"]
[WhiteElo "2337"]
[BlackElo "2321"]
[EventDate "2025.11.01"]
[EventType "team-tourn"]
[EventRounds "9"]
[EventCountry "DEN"]
[SourceTitle "Holdskaksystemet"]
[WhiteTeam "BMS"]
[BlackTeam "SK1968"]
[WhiteTeamCountry "DEN"]
[BlackTeamCountry "DEN"]

1. e4 c5 2. Nc3 Nc6 3. Nge2 g6 4. g3 Bg7 5. Bg2 e6 6. h4 d6 7. h5 Rb8 8. a4 a6 9. d3 b5 10. axb5 axb5 11. h6 Bf6 12. e5 Nxe5 13. d4 Nd7 14. dxc5 Nxc5 15. Bc6+ Kf8 16. Bf4 e5 17. Be3 b4 18. Nd5 Bf5 19. O-O Be7 20. Ra7 Rc8 21. Nxe7 Nxe7 22. Bg5 Rc7 23. Ra8 Rc8 24. Ra7 Rc7 25. Ra8 Rc8 26. Rxc8 Bxc8 27. Bf6 Rg8 28. Bxe5 Nxc6 29. Bxd6+ Ke8 30. Qd5 Ne6 31. Qxc6+ Qd7 32. Qb6 b3 33. Rc1 Qb7 34. Qa5 Qa6 35. Qd2 f6 36. cxb3 Kf7 37. Qd5 Rd8 38. Rc7+ Kg8 39. Nf4 Rxd6 40. Rxc8+ Kf7 41. Rc7+ Kg8 42. Rg7+ Kh8 43. Re7 Kg8 44. Qe4 Nf8 45. Rg7+ Kh8 46. Qe7 1-0

[Event "Skakligaen 2025-26"]
[Site "Denmark"]
[Date "2025.11.01"]
[Round "1.2"]
[White "Matthiesen, Martin"]
[Black "Kistrup, Nicolai"]
[Result "0-1"]
[WhiteElo "2308"]
[BlackElo "2365"]
[EventDate "2025.11.01"]
[EventType "team-tourn"]
[EventRounds "9"]
[EventCountry "DEN"]
[SourceTitle "Holdskaksystemet"]
[WhiteTeam "SK1968"]
[BlackTeam "BMS"]
[WhiteTeamCountry "DEN"]
[BlackTeamCountry "DEN"]

1. d4 Nf6 2. c4 e6 3. Nf3 b6 4. g3 Ba6 5. b3 Bb4+ 6. Bd2 Be7 7. Bg2 O-O 8. O-O d5 9. Ne5 c5 10. dxc5 Qc7 11. Bf4 Qxc5 12. Nc3 Rd8 13. Qc1 Nbd7 14. cxd5 exd5 15. b4 Qc8 16. b5 Nxe5 17. Bxe5 Bb7 18. Rd1 Qe6 19. Bd4 Rac8 20. Qb2 h5 21. Rd3 Rc4 22. Rad1 Rdc8 23. e3 h4 24. Qe2 Ne4 25. Nxe4 dxe4 26. R3d2 Bb4 27. Rb2 Ba3 28. Rbd2 Bc1 29. Bb2 Bxd2 30. Rxd2 h3 31. Bf1 R4c5 32. Bd4 Rc1 33. Bb2 Rb1 34. Ba3 Bd5 35. Rd1 Bc4 36. Qxc4 Qxc4 37. Rxb1 Qxa2 38. Rc1 Rxc1 39. Bxc1 Kh8 0-1

[Event "Skakligaen 2025-26"]
[Site "Denmark"]
[Date "2025.11.01"]
[Round "1.3"]
[White "Hansen, Jacob Ost"]
[Black "Matthiesen, Arne"]
[Result "1/2-1/2"]
[WhiteElo "2337"]
[BlackElo "2295"]
[EventDate "2025.11.01"]
[EventType "team-tourn"]
[EventRounds "9"]
[EventCountry "DEN"]
[SourceTitle "Holdskaksystemet"]
[WhiteTeam "BMS"]
[BlackTeam "SK1968"]
[WhiteTeamCountry "DEN"]
[BlackTeamCountry "DEN"]

1. g3 d5 2. Nf3 Bg4 3. Bg2 Nd7 4. O-O e6 5. d3 Bd6 6. Nbd2 Ne7 7. b3 O-O 8. Bb2 a5 9. a3 c6 10. Qe1 b5 11. e4 b4 12. axb4 axb4 13. Qe3 Bh5 14. Rxa8 Qxa8 15. Ra1 Qb8 16. Qa7 Rd8 17. Qxb8 Rxb8 18. Ra7 Rd8 19. Kf1 1/2-1/2

[Event "Skakligaen 2025-26"]
[Site "Denmark"]
[Date "2025.11.01"]
[Round "1.4"]
[White "Rewitz, Poul"]
[Black "Jacobsen, Mikkel Manosri"]
[Result "1-0"]
[WhiteElo "2236"]
[BlackElo "2306"]
[EventDate "2025.11.01"]
[EventType "team-tourn"]
[EventRounds "9"]
[EventCountry "DEN"]
[SourceTitle "Holdskaksystemet"]
[WhiteTeam "SK1968"]
[BlackTeam "BMS"]
[WhiteTeamCountry "DEN"]
[BlackTeamCountry "DEN"]

1. b3 d5 2. Bb2 c5 3. e3 a6 4. f4 Nc6 5. Nf3 d4 6. Be2 g6 7. Na3 b5 8. c4 b4 9. Nc2 Bg7 10. O-O Nh6 11. a3 O-O 12. exd4 bxa3 13. Rxa3 Nf5 14. Qa1 cxd4 15. b4 Bb7 16. g4 Nh6 17. Nfxd4 Nxd4 18. Bxd4 e5 19. fxe5 Re8 20. Re3 Qg5 21. e6 Rxe6 22. Bxg7 Nxg4 23. Bxg4 Qxg4+ 24. Kf2 Qh4+ 25. Kg1 Qg4+ 26. Kf2 Qh4+ 27. Ke2 Qxc4+ 28. Ke1 Qxc2 29. Bh6 Rxe3+ 30. dxe3 f6 31. Rxf6 Qc7 32. Qa2+ Kh8 33. Qb2 Kg8 34. Qb3+ Kh8 35. Rf7 1-0

[Event "Skakligaen 2025-26"]
[Site "Denmark"]
[Date "2025.11.01"]
[Round "1.5"]
[White "Nielsen Refs, Karl Emil Elmer"]
[Black "Hansen, Lars"]
[Result "1-0"]
[WhiteElo "2191"]
[BlackElo "2221"]
[EventDate "2025.11.01"]
[EventType "team-tourn"]
[EventRounds "9"]
[EventCountry "DEN"]
[SourceTitle "Holdskaksystemet"]
[WhiteTeam "BMS"]
[BlackTeam "SK1968"]
[WhiteTeamCountry "DEN"]
[BlackTeamCountry "DEN"]

1. d4 Nf6 2. c4 e6 3. Nc3 Bb4 4. e3 O-O 5. Bd3 d5 6. cxd5 exd5 7. Nge2 Re8 8. O-O Bd6 9. Qc2 Nc6 10. a3 a6 11. f3 Bf8 12. Kh1 g6 13. e4 dxe4 14. fxe4 Nxd4 15. Nxd4 Qxd4 16. Bg5 Ng4 17. Nd5 Be6 18. Nxc7 Rac8 19. Nxe6 fxe6 20. Qe2 Ne5 21. Rad1 Qc5 22. Bb1 Bg7 23. Ba2 b5 24. b4 Qb6 25. Be3 Qc7 26. Bc5 Kh8 27. Rd6 Nc4 28. Bxc4 bxc4 29. Rxa6 Be5 30. Ra7 Qb8 31. Rff7 Rxc5 32. Rxh7+ Kg8 33. Qg4 Qxa7 34. Rxa7 Rc7 35. Qxg6+ Kf8 36. Qh6+ Kg8 37. Qg6+ Kf8 38. Rxc7 Bxc7 39. Qf6+ Kg8 40. Qc3 Rd8 41. g3 1-0

[Event "Skakligaen 2025-26"]
[Site "Denmark"]
[Date "2025.11.01"]
[Round "1.6"]
[White "Christensen, Thomas K"]
[Black "Wahlgreen, Noah Krug"]
[Result "1-0"]
[WhiteElo "2198"]
[BlackElo "2102"]
[EventDate "2025.11.01"]
[EventType "team-tourn"]
[EventRounds "9"]
[EventCountry "DEN"]
[SourceTitle "Holdskaksystemet"]
[WhiteTeam "SK1968"]
[BlackTeam "BMS"]
[WhiteTeamCountry "DEN"]
[BlackTeamCountry "DEN"]

1. d4 d5 2. c4 e6 3. Nc3 a6 4. cxd5 exd5 5. Nf3 h6 6. Bf4 Nf6 7. e3 Bd6 8. Bxd6 Qxd6 9. Bd3 O-O 10. Qb3 Nc6 11. O-O Ne7 12. Rac1 Bf5 13. Bxf5 Nxf5 14. Na4 Rab8 15. Qc2 b5 16. Qxf5 bxa4 17. Rc2 Ne4 18. Ne5 g6 19. Qh3 Kg7 20. Qd7 Rb5 21. f3 Qxd7 22. Nxd7 Rd8 23. Rxc7 Nd2 24. Rfc1 Nc4 25. e4 Rxb2 26. exd5 Ne3 27. Ne5 Rxg2+ 28. Kh1 Rd2 29. Rxf7+ Kg8 30. h4 Rd1+ 31. Rxd1 Nxd1 32. Rf6 Rxd5 33. Rxg6+ Kh7 34. h5 Ne3 35. Kg1 Rxd4 36. Kf2 Nd5 37. Ng4 Rd2+ 38. Kg3 Rxa2 39. Rd6 Ne7 40. Rxh6+ Kg7 41. Rxa6 Nf5+ 42. Kf4 Nh4 43. Ra7+ Kf8 44. h6 Re2 45. h7 Ng6+ 46. Kf5 Nh8 47. Kf6 Re8 48. Ne5 Rc8 49. Rg7 1-0

[Event "Skakligaen 2025-26"]
[Site "Denmark"]
[Date "2025.11.01"]
[Round "1.7"]
[White "Iskos, Lukas"]
[Black "Moller, Morten Kock"]
[Result "1-0"]
[WhiteElo "2136"]
[BlackElo "2189"]
[EventDate "2025.11.01"]
[EventType "team-tourn"]
[EventRounds "9"]
[EventCountry "DEN"]
[SourceTitle "Holdskaksystemet"]
[WhiteTeam "BMS"]
[BlackTeam "SK1968"]
[WhiteTeamCountry "DEN"]
[BlackTeamCountry "DEN"]

1. d4 Nf6 2. Nf3 d5 3. Bf4 c5 4. e3 Nc6 5. Nbd2 Qb6 6. dxc5 Qxb2 7. Rb1 Qc3 8. Bb5 g6 9. e4 dxe4 10. Be5 Qa5 11. O-O exf3 12. Nc4 Qd8 13. Qxf3 Bg7 14. Bxc6+ bxc6 15. Rfd1 Bd7 16. Rb7 O-O 17. Bxf6 Bxf6 18. Rdxd7 Qe8 19. Qxc6 Rb8 20. g3 Qc8 21. Qxc8 Rbxc8 22. Rdc7 Rcd8 23. c6 Rd4 24. Ne3 Rd6 25. Rxa7 Bd4 26. Ra6 Re6 27. Nd5 Re1+ 28. Kg2 Re2 29. Rd7 Rxf2+ 30. Kh3 Rxc2 31. Nxe7+ 1-0

[Event "Skakligaen 2025-26"]
[Site "Denmark"]
[Date "2025.11.01"]
[Round "1.8"]
[White "Pedersen, Gunnar"]
[Black "Nielsen, Thomas Bach"]
[Result "1-0"]
[WhiteElo "2173"]
[BlackElo "2149"]
[EventDate "2025.11.01"]
[EventType "team-tourn"]
[EventRounds "9"]
[EventCountry "DEN"]
[SourceTitle "Holdskaksystemet"]
[WhiteTeam "SK1968"]
[BlackTeam "BMS"]
[WhiteTeamCountry "DEN"]
[BlackTeamCountry "DEN"]

1. e4 c6 2. Nf3 d5 3. Nc3 dxe4 4. Nxe4 Nf6 5. Qe2 Nxe4 6. Qxe4 Nd7 7. Bc4 Nf6 8. Ne5 e6 9. Qe2 Be7 10. O-O O-O 11. Re1 Qc7 12. d4 b5 13. Bd3 c5 14. dxc5 Bxc5 15. Bxb5 Bb7 16. Bd3 Rad8 17. Bg5 Rd5 18. Rad1 Rxe5 19. Qxe5 Bxf2+ 20. Kh1 Qc6 21. Bf1 Bxe1 22. Qxe1 Ne4 23. Be3 Qxc2 24. Rc1 Qa4 25. Rc7 Bd5 26. Rxa7 Qc2 27. b4 Bxa2 28. b5 Bd5 29. b6 Nd6 30. Rc7 Nc4 31. Bd4 Qb3 32. Qf2 f6 33. b7 Na5 34. Bc5 Nxb7 35. Bxf8 Kxf8 36. Qa7 Nd6 37. Qc5 Bxg2+ 38. Kxg2 Qb2+ 39. Kg1 Qd2 40. Rd7 Qg5+ 41. Qxg5 1-0

[Event "Skakligaen 2025-26"]
[Site "Denmark"]
[Date "2025.11.01"]
[Round "1.1"]
[White "Ochsner, Bjorn Moller"]
[Black "Rozentalis, Eduardas"]
[Result "0-1"]
[WhiteElo "2457"]
[BlackElo "2449"]
[EventDate "2025.11.01"]
[EventType "team-tourn"]
[EventRounds "9"]
[EventCountry "DEN"]
[SourceTitle "Holdskaksystemet"]
[WhiteTeam "Aarhus/Skolerne"]
[BlackTeam "Koge"]
[WhiteTeamCountry "DEN"]
[BlackTeamCountry "DEN"]

1. e4 e5 2. Nf3 Nc6 3. Bb5 a6 4. Ba4 d6 5. c4 Bd7 6. O-O g6 7. d4 exd4 8. Bg5 Be7 9. Bxc6 bxc6 10. Qxd4 f6 11. Bf4 c5 12. Qd3 g5 13. Bg3 Nh6 14. h4 O-O 15. Nc3 g4 16. Nd2 Nf7 17. Nd5 Ne5 18. Qe2 Be6 19. Nf4 Bf7 20. Rfc1 Qd7 21. Nf1 Rae8 22. Ne3 Bd8 23. h5 Kh8 24. Re1 Rg8 25. Qc2 Ref8 26. b3 Qe8 27. h6 Qd7 28. Nf5 Bg6 29. Rad1 Re8 30. Ng7 Re7 31. Nd5 Rf7 32. Ne3 Be7 33. Nef5 Bf8 34. Qd2 Nc6 35. Qe2 Bxf5 36. Nxf5 Ne7 37. Bxd6 cxd6 38. Nxd6 Nc6 39. Nxf7+ Qxf7 40. Rd5 Ne5 41. Qe3 Qh5 42. Red1 Bxh6 43. Qg3 Bf8 44. Rd8 Qh6 45. Qe3 Nf3+ 46. Kf1 Qh1+ 47. Ke2 Qxg2 48. Qf4 Nd4+ 49. R1xd4 Qf3+ 50. Qxf3 gxf3+ 51. Kxf3 cxd4 52. Rxd4 h5 0-1

[Event "Skakligaen 2025-26"]
[Site "Denmark"]
[Date "2025.11.01"]
[Round "1.2"]
[White "Sorensen, Hampus"]
[Black "Sorensen, Jan"]
[Result "1-0"]
[WhiteElo "2437"]
[BlackElo "2367"]
[EventDate "2025.11.01"]
[EventType "team-tourn"]
[EventRounds "9"]
[EventCountry "DEN"]
[SourceTitle "Holdskaksystemet"]
[WhiteTeam "Koge"]
[BlackTeam "Aarhus/Skolerne"]
[WhiteTeamCountry "DEN"]
[BlackTeamCountry "DEN"]

1. d4 d5 2. Bf4 c5 3. e3 cxd4 4. exd4 Nc6 5. Nf3 Bf5 6. Bb5 e6 7. O-O Bd6 8. Bxd6 Qxd6 9. Nh4 Nge7 10. c3 Bg6 11. g3 Nf5 12. Nxg6 hxg6 13. Nd2 Qc7 14. Bd3 O-O-O 15. Nf3 f6 16. Qc2 Kb8 17. Rfe1 e5 18. dxe5 fxe5 19. Bxf5 gxf5 20. Qxf5 Rdf8 21. Qg4 e4 22. Nd4 Ne5 23. Qg5 g6 24. Re2 Rh5 25. Qd2 Nf3+ 26. Nxf3 exf3 27. Re3 Qh7 28. Rae1 Qd7 29. Re6 g5 30. Qe3 Rhh8 31. Qxg5 a6 32. Qe5+ Ka8 33. h4 Qb5 34. b3 Qd3 35. Qd4 Qf5 36. Kh2 Qc2 37. Rxa6+ bxa6 38. Re7 1-0

[Event "Skakligaen 2025-26"]
[Site "Denmark"]
[Date "2025.11.01"]
[Round "1.3"]
[White "Christensen, Tobias Bent"]
[Black "Pantzar, Milton"]
[Result "1/2-1/2"]
[WhiteElo "2333"]
[BlackElo "2420"]
[EventDate "2025.11.01"]
[EventType "team-tourn"]
[EventRounds "9"]
[EventCountry "DEN"]
[SourceTitle "Holdskaksystemet"]
[WhiteTeam "Aarhus/Skolerne"]
[BlackTeam "Koge"]
[WhiteTeamCountry "DEN"]
[BlackTeamCountry "DEN"]

1. c4 e6 2. Nf3 d5 3. g3 Nf6 4. Bg2 Be7 5. O-O O-O 6. b3 b6 7. Nc3 Bb7 8. cxd5 Nxd5 9. Nxd5 Bxd5 10. Bb2 c5 11. Rc1 Nd7 12. d3 Rc8 13. Qd2 b5 14. Rfd1 Qb6 15. Bc3 h6 16. Qb2 Bf6 17. Ne5 Bxe5 18. Bxe5 Nxe5 19. Qxe5 Rfd8 20. Rd2 Bxg2 21. Kxg2 Qb7+ 22. f3 c4 23. bxc4 bxc4 24. Rb2 Qa6 25. Rxc4 Rxc4 26. dxc4 Qxc4 27. Rb8 Rc8 28. a4 a6 29. Rxc8+ 1/2-1/2

[Event "Skakligaen 2025-26"]
[Site "Denmark"]
[Date "2025.11.01"]
[Round "1.4"]
[White "Smith, Axel"]
[Black "Pedersen, Finn"]
[Result "1-0"]
[WhiteElo "2431"]
[BlackElo "2266"]
[EventDate "2025.11.01"]
[EventType "team-tourn"]
[EventRounds "9"]
[EventCountry "DEN"]
[SourceTitle "Holdskaksystemet"]
[WhiteTeam "Koge"]
[BlackTeam "Aarhus/Skolerne"]
[WhiteTeamCountry "DEN"]
[BlackTeamCountry "DEN"]

1. c4 c6 2. Nf3 d5 3. d4 Nf6 4. g3 Bf5 5. Nc3 e6 6. Nh4 Be4 7. f3 Bg6 8. Qb3 Qb6 9. Nxg6 hxg6 10. c5 Qc7 11. e4 Nbd7 12. exd5 Nxd5 13. Nxd5 exd5 14. Bf4 Qa5+ 15. Bd2 Qc7 16. Kf2 Be7 17. Bf4 Qc8 18. Re1 Kf8 19. h4 g5 20. Bd6 Bxd6 21. cxd6 Qb8 22. Bh3 Qxd6 23. Qxb7 Nb6 24. hxg5 Qb4 25. Re2 Qxd4+ 26. Kg2 g6 27. Qxc6 Kg7 28. Qc1 Rae8 29. Rhe1 Rxe2+ 30. Rxe2 Nc4 31. b3 Qd3 32. Qe1 Nb6 33. Re7 Qc2+ 34. Re2 Qc5 35. Re7 Qc2+ 36. Qe2 Qxe2+ 37. Rxe2 Rd8 38. Kf2 a5 39. Ke3 d4+ 40. Kd3 Nd5 41. a3 Nc3 42. Re5 a4 43. bxa4 Nd1 44. Bf1 Nb2+ 45. Kc2 Nxa4 46. Kb3 Nc3 47. a4 Rc8 48. a5 Nb1 49. Kb4 Nd2 50. Be2 Rc3 51. a6 Rb3+ 52. Ka4 d3 53. a7 Rb1 54. Bxd3 Ra1+ 55. Kb4 Rxa7 56. f4 Nf3 57. Rd5 Re7 58. Bc4 Ne1 59. Rd2 Nf3 60. Rd1 Ne1 61. Kc3 Ng2 62. Rg1 Ne3 63. Bd3 Nd5+ 64. Kc4 Nc7 65. Kd4 Ne6+ 66. Kc3 Nc5 67. Bc2 Rc7 68. Kd2 Ne6 69. Bb1 Rb7 70. Rc1 Rb2+ 71. Ke3 Rb7 72. Be4 Rb3+ 73. Kf2 Rb2+ 74. Kf3 Nd4+ 75. Ke3 Ne2 76. Rc7 Nxg3 77. Bd5 Nf5+ 78. Kd3 Nd6 79. Rd7 Rb6 80. Kd4 Nf5+ 81. Ke5 Ne3 82. Rxf7+ Kh8 83. Be6 Ng2 84. f5 gxf5 85. g6 Nh4 86. Rh7# 1-0

[Event "Skakligaen 2025-26"]
[Site "Denmark"]
[Date "2025.11.01"]
[Round "1.5"]
[White "Sobjerg, Erik"]
[Black "Jakab, Bela"]
[Result "1/2-1/2"]
[WhiteElo "2231"]
[BlackElo "2350"]
[EventDate "2025.11.01"]
[EventType "team-tourn"]
[EventRounds "9"]
[EventCountry "DEN"]
[SourceTitle "Holdskaksystemet"]
[WhiteTeam "Aarhus/Skolerne"]
[BlackTeam "Koge"]
[WhiteTeamCountry "DEN"]
[BlackTeamCountry "DEN"]

1. e4 c6 2. d4 d5 3. e5 Bf5 4. h4 h5 5. Bg5 Qb6 6. Bd3 Bxd3 7. Qxd3 e6 8. Nd2 Be7 9. Ne2 Nd7 10. c4 O-O-O 11. c5 Qb5 12. Qc3 Bxg5 13. hxg5 f6 14. a4 Qa6 15. b4 Kb8 16. Qb2 Ne7 17. Rh3 fxg5 18. Rb3 h4 19. Qc3 b6 20. b5 Qb7 21. a5 g4 22. axb6 axb6 23. Nf4 h3 24. gxh3 gxh3 25. Nxh3 cxb5 26. Rxb5 Nc6 27. Rab1 Kc8 28. Ng5 Rh1+ 29. Nf1 Qa6 30. cxb6 Kb7 31. Nf7 Rc8 32. Nd6+ Kb8 33. Nxc8 Qxc8 34. Qa3 Qf8 35. Qxf8+ Nxf8 36. b7 Nd7 37. Rc1 Na7 38. Rb3 Rh4 39. Rd1 Nc6 40. Rc1 Na7 41. Rd3 Kxb7 42. Ng3 Nb6 43. Ne2 Rh1+ 44. Kd2 Nc4+ 45. Kc2 Rh2 46. Rf3 Nb5 47. Rg1 Rh4 48. Rxg7+ Kc6 49. Rd3 Re4 50. Kd1 Nb2+ 51. Kd2 Nc4+ 52. Ke1 Nb2 53. Rb3 Rxe2+ 54. Kxe2 Nxd4+ 55. Kd2 Nc4+ 56. Kc3 Nxb3 57. Kxb3 Nxe5 58. Kc3 Kc5 59. Kd2 Kd4 60. Ke2 Ke4 61. Re7 Kf5 62. Re8 Ng6 63. Ra8 Ke5 1/2-1/2

[Event "Skakligaen 2025-26"]
[Site "Denmark"]
[Date "2025.11.01"]
[Round "1.6"]
[White "Pedersen, Henrik Dahl"]
[Black "Ochsner, Thomas"]
[Result "1-0"]
[WhiteElo "2289"]
[BlackElo "2244"]
[EventDate "2025.11.01"]
[EventType "team-tourn"]
[EventRounds "9"]
[EventCountry "DEN"]
[SourceTitle "Holdskaksystemet"]
[WhiteTeam "Koge"]
[BlackTeam "Aarhus/Skolerne"]
[WhiteTeamCountry "DEN"]
[BlackTeamCountry "DEN"]

1. d4 Nf6 2. c4 e6 3. g3 d5 4. Bg2 Be7 5. Nc3 O-O 6. Nf3 b6 7. O-O Bb7 8. b3 Na6 9. Bb2 c5 10. e3 cxd4 11. exd4 dxc4 12. bxc4 Qc7 13. Qa4 Rac8 14. Rfc1 Nb4 15. Nb5 Bc6 16. Ne5 Be8 17. a3 Bxb5 18. cxb5 Nc2 19. Bf1 Rfd8 20. Bd3 Nxa1 21. Rxc7 Rxc7 22. Nc6 1-0

[Event "Skakligaen 2025-26"]
[Site "Denmark"]
[Date "2025.11.01"]
[Round "1.7"]
[White "Toledo, Imanol"]
[Black "Jorgensen, Brian"]
[Result "1-0"]
[WhiteElo "2199"]
[BlackElo "2250"]
[EventDate "2025.11.01"]
[EventType "team-tourn"]
[EventRounds "9"]
[EventCountry "DEN"]
[SourceTitle "Holdskaksystemet"]
[WhiteTeam "Aarhus/Skolerne"]
[BlackTeam "Koge"]
[WhiteTeamCountry "DEN"]
[BlackTeamCountry "DEN"]

1. e4 c5 2. Nf3 Nc6 3. Bb5 e5 4. O-O d6 5. c3 Bd7 6. d4 Nf6 7. dxc5 dxc5 8. Nbd2 Qc7 9. Re1 Be7 10. Nc4 O-O 11. Ne3 Rad8 12. Qe2 Rfe8 13. Bc4 Bf8 14. Bxf7+ Kxf7 15. Qc4+ Ke7 16. Nd5+ Nxd5 17. exd5 Kd6 18. dxc6 Kxc6 19. Bg5 Rc8 20. a4 a6 21. a5 Qd6 22. Rad1 Qe6 23. Nxe5+ Kc7 24. Qf1 Bb5 25. c4 Ba4 26. Nf3 Qf7 27. Rd3 Rxe1 28. Qxe1 Re8 29. Re3 Rxe3 30. Qxe3 Bd6 31. b3 Bc6 32. Bh4 Bxf3 33. gxf3 Qf5 34. Bg3 Bxg3 35. hxg3 Kb8 36. Kg2 Ka7 37. g4 Qf8 38. b4 b6 39. bxc5 bxc5 40. Qe5 Kb7 41. Qd5+ Kc7 42. Qe6 Qd6 43. Qxd6+ Kxd6 44. f4 g6 45. g5 Kd5 1-0

[Event "Skakligaen 2025-26"]
[Site "Denmark"]
[Date "2025.11.01"]
[Round "1.8"]
[White "Meskenas, Paulius"]
[Black "Rendboe, John Filip"]
[Result "1-0"]
[WhiteElo "2188"]
[BlackElo "2150"]
[EventDate "2025.11.01"]
[EventType "team-tourn"]
[EventRounds "9"]
[EventCountry "DEN"]
[SourceTitle "Holdskaksystemet"]
[WhiteTeam "Koge"]
[BlackTeam "Aarhus/Skolerne"]
[WhiteTeamCountry "DEN"]
[BlackTeamCountry "DEN"]

1. e4 c5 2. Nc3 Nc6 3. f4 d6 4. d3 g6 5. Nf3 Bg7 6. Be3 Nd4 7. Be2 e6 8. Qd2 Ne7 9. Nd1 O-O 10. c3 Nxe2 11. Qxe2 b6 12. h4 h5 13. Nf2 e5 14. d4 cxd4 15. cxd4 exf4 16. Bxf4 d5 17. e5 Bf5 18. g4 hxg4 19. Nh2 Nc6 20. Rd1 Re8 21. Nhxg4 f6 22. h5 fxe5 23. dxe5 g5 24. h6 Bh8 25. h7+ Kf8 26. Qb5 Qc8 27. Bxg5 Nxe5 28. Nxe5 Rxe5+ 29. Kf1 Qc4+ 30. Qxc4 dxc4 31. Bf6 Bd3+ 32. Rxd3 1-0

[Event "Skakligaen 2025-26"]
[Site "Denmark"]
[Date "2025.11.01"]
[Round "1.1"]
[White "Chatalbashev, Boris"]
[Black "Hillarp Persson, Tiger"]
[Result "0-1"]
[WhiteElo "2530"]
[BlackElo "2434"]
[EventDate "2025.11.01"]
[EventType "team-tourn"]
[EventRounds "9"]
[EventCountry "DEN"]
[SourceTitle "Holdskaksystemet"]
[WhiteTeam "Fredericia"]
[BlackTeam "Bronshoj"]
[WhiteTeamCountry "DEN"]
[BlackTeamCountry "DEN"]

1. d4 Nf6 2. c4 e6 3. Nc3 Bb4 4. f3 d5 5. a3 Bxc3+ 6. bxc3 c5 7. cxd5 Nxd5 8. dxc5 Qa5 9. e4 Nf6 10. Be3 O-O 11. Kf2 Bd7 12. Qb3 Bc6 13. Ne2 Na6 14. Nd4 Ba4 15. Qxb7 Nxc5 16. Qb4 Qc7 17. Nb5 Ncxe4+ 18. fxe4 Bxb5 19. Bxb5 Rab8 20. a4 a6 21. Kf3 axb5 22. a5 Qe5 23. g4 Nxg4 24. Kxg4 f5+ 25. Kf3 Rbd8 26. Raf1 f4 27. Bd4 Qh5+ 28. Kf2 e5 29. Qe7 Rfe8 30. Qc7 exd4 31. Rhg1 g6 32. Kg2 Qe2+ 33. Kh1 Qxe4+ 34. Rg2 d3 35. Rxf4 Qxf4 36. Qxf4 Re1+ 0-1

[Event "Skakligaen 2025-26"]
[Site "Denmark"]
[Date "2025.11.01"]
[Round "1.2"]
[White "Ahlander, Bjorn"]
[Black "Kanov, Nikola Krasimirov"]
[Result "0-1"]
[WhiteElo "2380"]
[BlackElo "2418"]
[EventDate "2025.11.01"]
[EventType "team-tourn"]
[EventRounds "9"]
[EventCountry "DEN"]
[SourceTitle "Holdskaksystemet"]
[WhiteTeam "Bronshoj"]
[BlackTeam "Fredericia"]
[WhiteTeamCountry "DEN"]
[BlackTeamCountry "DEN"]

1. e4 c5 2. Nf3 e6 3. d4 cxd4 4. Nxd4 Nc6 5. Nc3 Nf6 6. Ndb5 Bc5 7. Bf4 O-O 8. Bc7 Qe7 9. Bd6 Bxd6 10. Qxd6 Qd8 11. O-O-O a6 12. Nd4 Ne7 13. f3 Ne8 14. Qf4 d6 15. Nb3 Qc7 16. h4 b5 17. Bd3 b4 18. Ne2 e5 19. Qe3 a5 20. Kb1 a4 21. Nd2 f5 22. Rc1 d5 23. c3 bxc3 24. Rxc3 Qd8 25. Qc5 Be6 26. Ka1 Nd6 27. exf5 Nexf5 28. Qc7 a3 29. Qxd8 axb2+ 30. Kxb2 Rfxd8 31. Nc1 Rdb8+ 32. Ka1 Rb4 33. Re1 d4 34. Rc5 Ne3 35. Rxe5 Bf7 36. Rc5 Nxg2 37. Re7 Nf4 38. Bc2 d3 39. Bb3 Bxb3 40. Ncxb3 Rba4 41. Nc1 Ne2 42. Rd7 Nxc1 43. Rxc1 Rxa2+ 44. Kb1 Rxd2 45. Rxd6 Rb8+ 46. Ka1 Rc2 47. Rd1 Rc4 48. Ra6 Rd8 49. h5 d2 50. Kb2 Rb8+ 51. Ka2 Rc2+ 52. Ka3 Rd8 53. h6 Rc1 54. Rxd2 Rxd2 55. Ra8+ Kf7 56. Ra7+ Kg6 57. hxg7 Rd8 58. Kb2 Rf1 0-1

[Event "Skakligaen 2025-26"]
[Site "Denmark"]
[Date "2025.11.01"]
[Round "1.3"]
[White "Fries Nielsen, Jens Ove"]
[Black "Falkesgaard, Jeppe Hald"]
[Result "0-1"]
[WhiteElo "2282"]
[BlackElo "2252"]
[EventDate "2025.11.01"]
[EventType "team-tourn"]
[EventRounds "9"]
[EventCountry "DEN"]
[SourceTitle "Holdskaksystemet"]
[WhiteTeam "Fredericia"]
[BlackTeam "Bronshoj"]
[WhiteTeamCountry "DEN"]
[BlackTeamCountry "DEN"]

1. e4 c5 2. b3 Nc6 3. Bb2 e5 4. Bb5 d6 5. Ne2 Nf6 6. Nbc3 Be7 7. O-O O-O 8. Bc4 a6 9. f4 b5 10. Bd5 Bd7 11. fxe5 dxe5 12. Ng3 Rc8 13. a4 Bg4 14. Qe1 Nd4 15. Rc1 b4 16. Nd1 Bxd1 17. Qxd1 Nxd5 18. Bxd4 cxd4 19. exd5 Qxd5 20. Qg4 g6 21. h4 d3 22. cxd3 Rxc1 23. Rxc1 Qxd3 24. h5 f5 25. Qc4+ Qxc4 26. Rxc4 Rd8 27. Nf1 Rd3 28. Rc7 Kf7 29. Ne3 Ke6 30. Rc6+ Rd6 31. Rxd6+ Bxd6 32. hxg6 hxg6 33. Nc2 Bc5+ 34. Kf1 g5 35. Ke2 g4 36. Kd3 Kd5 37. Ke2 f4 38. Ne1 e4 39. Nc2 a5 40. Kf1 g3 41. Ke2 f3+ 42. Kf1 Bf2 0-1

[Event "Skakligaen 2025-26"]
[Site "Denmark"]
[Date "2025.11.01"]
[Round "1.4"]
[White "Bromann, Thorbjorn"]
[Black "Light, Bjarne"]
[Result "1/2-1/2"]
[WhiteElo "2356"]
[BlackElo "2225"]
[EventDate "2025.11.01"]
[EventType "team-tourn"]
[EventRounds "9"]
[EventCountry "DEN"]
[SourceTitle "Holdskaksystemet"]
[WhiteTeam "Bronshoj"]
[BlackTeam "Fredericia"]
[WhiteTeamCountry "DEN"]
[BlackTeamCountry "DEN"]

1. d4 d5 2. Bg5 h6 3. Bh4 Nd7 4. c4 c6 5. cxd5 cxd5 6. Nc3 Ngf6 7. e3 e6 8. Bd3 Be7 9. Nf3 O-O 10. O-O a6 11. a4 b6 12. Rc1 Bb7 13. Qb3 Nh5 14. Bxe7 Qxe7 15. Ne5 Nhf6 16. f4 Rac8 17. Bb1 Qd6 18. h3 Rfd8 19. Ne2 Ne4 20. Rxc8 Bxc8 21. Bxe4 dxe4 22. Rc1 Bb7 23. Nc4 Qb8 24. Qb4 Bd5 25. Qe7 Bxc4 26. Rxc4 b5 27. axb5 axb5 28. Rc6 Nf6 29. Rc7 Rf8 30. Nc3 b4 31. Rb7 Qa8 32. Qxb4 Qa1+ 33. Kh2 Qc1 34. Rb8 Rxb8 35. Qxb8+ Kh7 36. f5 Qxe3 37. fxe6 fxe6 38. Qe5 Qd3 39. Qxe6 Qxd4 40. Qf5+ Kh8 41. Qc8+ Kh7 42. Qf5+ Kh8 43. Qf4 Qd3 44. Qg3 e3 45. Qf3 Qd6+ 46. Kg1 Qd2 47. Qe2 Qd4 48. Kh1 Ne4 49. Nxe4 1/2-1/2

[Event "Skakligaen 2025-26"]
[Site "Denmark"]
[Date "2025.11.01"]
[Round "1.5"]
[White "Easwaralingam, Adesh"]
[Black "Hoi, Carsten"]
[Result "1-0"]
[WhiteElo "2202"]
[BlackElo "2282"]
[EventDate "2025.11.01"]
[EventType "team-tourn"]
[EventRounds "9"]
[EventCountry "DEN"]
[SourceTitle "Holdskaksystemet"]
[WhiteTeam "Fredericia"]
[BlackTeam "Bronshoj"]
[WhiteTeamCountry "DEN"]
[BlackTeamCountry "DEN"]

1. e4 e5 2. Nf3 Nc6 3. Bb5 a6 4. Ba4 d6 5. c3 Bd7 6. d3 Nf6 7. Nbd2 g6 8. Nf1 Bg7 9. Ng3 O-O 10. O-O h6 11. h3 Qe7 12. Bc2 Nh7 13. Nh2 h5 14. f4 exf4 15. Bxf4 Be5 16. Qd2 Bxf4 17. Qxf4 Qg5 18. Qf2 Rae8 19. Nf3 Qh6 20. Kh1 Kh8 21. Rae1 f6 22. Ne2 f5 23. exf5 Bxf5 24. Ng3 Ne5 25. Nxe5 dxe5 26. Qc5 Qg7 27. Nxf5 gxf5 28. d4 Rg8 29. Rf2 e4 30. Ree2 Ref8 31. Rxf5 Ng5 32. h4 b6 33. Qe5 Nh7 34. Rxh5 Rf1+ 35. Kh2 Qxe5+ 36. dxe5 Kg7 37. Bxe4 1-0